Szczegóły MARC21

Polityka regionalna w Polsce jako przestrzeń aktywności samorządu terytorialnego : praca zbiorowa /

003 -Nazwa inst., której nr kontr. jest w polu 001 [,]
    • @
    • Nazwa instytucji, której n kontrolny jest w polu 001
    • NUKAT
005 -DATA I CZAS OSTATNIEJ MODYFIKACJI [,]
    • @
    • pole kontrolne
    • 20241231112408.0
020 -Międzynarod. znormalizowany nr książki - ISBN [ , ]
    • a
    • Numer ISBN
    • 9788371518409 Find
040 -Instytucja sporządzająca opis [ , ]
    • a
    • Instytucja, która sporządziła opis (NP)
    • WA U/98ZS
    • c
    • Instytucja, która sporządziła rekord (NP)
    • WA U/ZS
    • d
    • Instytucja, która zmodyfikowała rekord (P)
    • WA U/98MAJ
    • d
    • Instytucja, która zmodyfikowała rekord (P)
    • WR UPAdjm
    • d
    • Instytucja, która zmodyfikowała rekord (P)
    • WA U/98MAPs
942 -Rodzaj dokumentu [ , ]
    • c
    • Rodzaj dokumentu
    • Książka
245 -Strefa tytułu i oznaczenia odpowiedzialności [0,0]
    • a
    • Tytuł
    • Polityka regionalna w Polsce jako przestrzeń aktywności samorządu terytorialnego : Find
    • b
    • Ciąg dalszy tytułu (NP)
    • praca zbiorowa / Find
    • c
    • Pozostałe elementy strefy tytułu i oznaczenia odpowiedzialności (NP)
    • pod red. Waldemara Sługockiego.
260 -Strefa adresu wydawniczego [ , ]
    • a
    • Miejsce wydania (P)
    • Warszawa :
    • b
    • Nazwa wydawcy (P)
    • Dom Wydawniczy Elipsa,
    • c
    • Data wydania (P)
    • 2009.
300 -Strefa opisu fizycznego [ , ]
    • a
    • Określenie formy książki i/lub objętość (NP)
    • 214 s. :
    • b
    • Oznaczenie ilustracji (NP)
    • il. ;
    • c
    • Format (NP)
    • 24 cm.
336 -Typ zawartości [ , ]
    • a
    • Termin opisujący typ zawartości
    • Tekst
    • b
    • Kod określający zawartość
    • txt
    • 2
    • Źródło (terminu i kodu)
    • rdacontent
337 -Typ mediów [ , ]
    • a
    • Tryb odtwarzania
    • Bez urządzenia pośredniczącego
    • b
    • Kod typu mediów
    • n
    • 2
    • Źródło (terminu i kodu)
    • rdamedia
338 -Typ/rodzaj nośnika [ , ]
    • a
    • Hasło opisujące typ nośnika
    • Wolumin
    • b
    • Kod typu nośnika
    • nc
    • 2
    • Źródło (terminu i kodu)
    • rdacarrier
504 -Uwaga dot. bibliogr. załącznikowej [ , ]
    • a
    • Uwaga dot. bibliografii załącznikowej
    • Bibliogr. s. 199-207.
080 -Uniwersalna Klasyfikacja Dziesiętna [ , ]
    • 2
    • Identyfikator wydania tablic
    • UDC-P058
    • 9
    • UKD
    • 3065
    • a
    • Symbol klasyfikacji
    • 332.14
    • b
    • Dopowiedzenie
    • Regionalna, terytorialna polityka gospodarcza. Planowanie gospodarcze. Planowanie terenowe. Prognozy gospodarcze.
    • 4
    • UKD2
    • 7642
    • x
    • Poddział wspólny
    • (438)
    • c
    • Dopowiedzenie poddz. wspólnego
    • (Polska).
    • 4
    • UKD2
    • 7992
    • x
    • Poddział wspólny
    • "1989/..."
    • c
    • Dopowiedzenie poddz. wspólnego
    • Od 1989.
080 -Uniwersalna Klasyfikacja Dziesiętna [ , ]
    • 2
    • Identyfikator wydania tablic
    • UDC-P058
    • 9
    • UKD
    • 3664
    • a
    • Symbol klasyfikacji
    • 352/353
    • b
    • Dopowiedzenie
    • Organy administracji pierwszego i średniego stopnia. Samorząd terytorialny. Administracja terenowa.
    • 4
    • UKD2
    • 7642
    • x
    • Poddział wspólny
    • (438)
    • c
    • Dopowiedzenie poddz. wspólnego
    • (Polska).
    • 4
    • UKD2
    • 7992
    • x
    • Poddział wspólny
    • "1989/..."
    • c
    • Dopowiedzenie poddz. wspólnego
    • Od 1989.
650 -Hasło przedmiotowe [ ,7]
    • a
    • Hasło przedmiotowe
    • Regiony
    • z
    • Określnik geograficzny
    • Polska
    • y
    • Określnik chronologiczny
    • 1990-.
    • 2
    • Źródło terminu
    • kaba
    • 9
    • KHW
    • 350312
650 -Hasło przedmiotowe [ ,7]
    • a
    • Hasło przedmiotowe
    • Regionalizacja ekonomiczna
    • z
    • Określnik geograficzny
    • Polska
    • y
    • Określnik chronologiczny
    • 1990-.
    • 2
    • Źródło terminu
    • kaba
    • 9
    • KHW
    • 350262
650 -Hasło przedmiotowe [ ,7]
    • a
    • Hasło przedmiotowe
    • Samorząd lokalny
    • x
    • Określnik rzeczowy
    • aspekt polityczny
    • z
    • Określnik geograficzny
    • Polska
    • y
    • Określnik chronologiczny
    • 1990-.
    • 2
    • Źródło terminu
    • kaba
    • 9
    • KHW
    • 361864
650 -Hasło przedmiotowe [ ,7]
    • a
    • Hasło przedmiotowe
    • Samorząd lokalny
    • x
    • Określnik rzeczowy
    • aspekt społeczny
    • z
    • Określnik geograficzny
    • Polska
    • y
    • Określnik chronologiczny
    • 1990-.
    • 2
    • Źródło terminu
    • kaba
    • 9
    • KHW
    • 352514
980 -Symbol UKD [ , ]
    • a
    • UKD
    • 332.14:352/243](438)"1989/...."
700 -Hasło dodatkowe - nazwa osobowa [1, ]
    • a
    • Nazwa osobowa (NP)
    • Sługocki, Waldemar. Find
    • e
    • Określenie rodzaju współpracy
    • Red.
    • 9
    • KHW
    • 12312
710 -Hasło dodatkowe - nazwa ciała zbiorowego [2, ]
    • a
    • Nazwa ciała zbiorowego lub nazwa geograficzna jako pierwszy element (NP)
    • Dom Wydawniczy i Handlowy Elipsa.
    • 4
    • Kod relacji
    • pbl
    • 9
    • KHW
    • 52860
920 -ISBN [ , ]
    • a
    • ISBN
    • 978-83-7151-840-9 Find
Status udost. Numer inwentarzowy Sygnatura Data inwentaryzacji Lokalizacja
-2E.76925 2016-11-15BE
-2S.95321 2016-11-15BE
-2S.95322 2016-11-15BE
-3GW.4384351/3542015-08-07BE
-3GW.4385351/3542015-08-07BE
1SA.18525SA.185252010-04-08BSA
-3GW.4386351/3542015-08-07GW
-2T.11261T.112612010-12-31T
-2TM.14158TM.141582018-07-06T